Paths to successful development : (Record no. 1041)

MARC details
000 -LEADER
fixed length control field 00817cam a2200253 4500
001 - CONTROL NUMBER
control field 1410
003 - CONTROL NUMBER IDENTIFIER
control field OCoLC
005 - DATE AND TIME OF LATEST TRANSACTION
control field 20181127163245.0
008 - FIXED-LENGTH DATA ELEMENTS--GENERAL INFORMATION
fixed length control field 010313s2002 enka b 001 0 eng
010 ## - LIBRARY OF CONGRESS CONTROL NUMBER
LC control number 2001025745
020 ## - INTERNATIONAL STANDARD BOOK NUMBER
International Standard Book Number 052180048X
International Standard Book Number 0521804833 (pbk.)
245 00 - TITLE STATEMENT
Title Paths to successful development :
Remainder of title personality in the life course /
Statement of responsibility, etc. edited by Lea Pulkkinen and Avshalom Caspi.
260 ## - PUBLICATION, DISTRIBUTION, ETC.
Place of publication, distribution, etc. Cambridge ;
-- New York :
Name of publisher, distributor, etc. Cambridge University Press,
Date of publication, distribution, etc. 2002.
300 ## - PHYSICAL DESCRIPTION
Extent x, 422 p. :
Other physical details ill. ;
Dimensions 24 cm.
504 ## - BIBLIOGRAPHY, ETC. NOTE
Bibliography, etc. note Includes bibliographical references and index.
650 #0 - SUBJECT ADDED ENTRY--TOPICAL TERM
Topical term or geographic name entry element Developmental psychology.
Topical term or geographic name entry element Personality development.
Topical term or geographic name entry element Personality Development.
Topical term or geographic name entry element Socialization.
Topical term or geographic name entry element Temperament.
700 1# - ADDED ENTRY--PERSONAL NAME
Personal name Caspi, Avshalom.
Personal name Pulkkinen, Lea.
Holdings
Withdrawn status Lost status Source of classification or shelving scheme Damaged status Not for loan Collection code Home library Current library Shelving location Date acquired Cost, normal purchase price Serial Enumeration / chronology Inventory number Full call number Barcode Date last seen Copy number Price effective from Koha item type
    Dewey Decimal Classification     Main TEST RTC Library RTC Library Main opac 05/03/2022 760.00 322 155 PUL 30005050 27/11/2018 2 27/11/2018 Main
    Dewey Decimal Classification     Main TEST RTC Library RTC Library Main opac 05/03/2022 760.00 323 155 PUL 30005054 27/11/2018 1 27/11/2018 Main
Royal Thimphu College || All Right Reserved